00505cam a2200157ua 45000010005000000080039000050400009000440820008000531000035000612450093000962500009001892600036001983000017002346530014002516530082002652964110920n ii |||gr||||Z||||||asm cMAIN a9201 aBaruah, Harendranath,eAuthor.11aKarmabir nabin Chandra Bordalai aru deshabhakta Tarunram Phookancby Harendranath Baruah a1st. aGuahati:bAssam book Depot,980. a157p:c23cm. aBiography aBiography of Karmabir nabin Chandra Bordalai aru deshabhakta Tarunram Phookan